000 00609nam a2200193 a 4500
001 000047112
005 20201002053351.0
008 180416s2016 dr abc 000 0 spa d
020 _a9789945123937
040 _aDO-SdBNP
_bspa
_cBNPHU
082 _axxxx
_bxxxx
100 1 _aAlbert Batista, Celsa
_91180
245 1 0 _aCiencias sociales 5 :
_bprimaria /
_cCelsa Albert Batista.
260 _aSanto Domingo :
_bSusaeta,
_c2016.
300 _a244 p. :
_bil., mapas, retrs. ;
_c29 cm.
500 _aEnfoque por competencias. Nuevo currĂ­culo
504 _aBibliografĂ­a : p 244
590 _aInventariado, 2018/LP
999 _c46600
_d46600